000
00328nam a22001337a 4500
008
171027b xxu||||| |||| 00| 0 eng d
020
_a
9780137645077
041
_a
eng
080
_2
3 ED
_a
336
100
_a
55
101
_a
MEN
245
_a
FOUNDAMENTALS MULTINATIONAL FINANCIAL MANAGEMENT
_c
ALAN.C.SHA
942
_2
udc
_c
BK
999
_c
36058
_d
36058